FEEDBACK CONTROL SYSTEM ANALYSIS SYNTHESIS. (Record no. 731372)

MARC details
000 -LEADER
fixed length control field 00241nam a2200097Ia 4500
008 - FIXED-LENGTH DATA ELEMENTS--GENERAL INFORMATION
fixed length control field 230508s1989 xx 000 0 und d
041 ## - LANGUAGE CODE
Language code of text/sound track or separate title eng
100 ## - MAIN ENTRY--PERSONAL NAME
Personal name HOUPIS & AZZO
245 ## - TITLE STATEMENT
Title FEEDBACK CONTROL SYSTEM ANALYSIS SYNTHESIS.
260 ## - PUBLICATION, DISTRIBUTION, ETC.
Date of publication, distribution, etc. 1989

No items available.